Seleções com mais gols marcados na Copa do Mundo da FIFA - Statistics

Estatísticas Gerais
  • Esse quiz foi jogado 73 vezes
  • A pontuação média é 18 de 20
Estatísticas das Respostas
Gols estimados Seleção % Correto
~228-229 Alemanha
100%
~150 Argentina
100%
~229 Brasil
100%
~120-136 França
100%
~127-128 Itália
98%
~87 Uruguai
98%
~90-108 Espanha
96%
~91-100 Inglaterra
95%
~49 Portugal
95%
~77 Rússia/URSS
95%
~86 Holanda
91%
~60 México
91%
~68 Bélgica
89%
~42 Croácia
87%
~80 Suécia
87%
~50 Suíça
85%
~87 Hungria
82%
~46 Polônia
76%
~43 Áustria
64%
~47 Checoslováquia/República Tcheca
53%
Nenhum quiz correspondente encontrado
Distribuição das Pontuações
Porcentagem de Pessoas com Cada Pontuação
Percentil de Números Respondidos
Sua Pontuação Histórica
Você não jogou esse quiz